| Tag |
First Indicator |
Second Indicator |
Subfields |
| LEADER |
00000cam a2200000 a 4500 |
| 001 |
in00000014534 |
| 005 |
20151007052233.0 |
| 008 |
860107s1985 xx a b 00010 eng d |
| 035 |
|
|
|a (OCoLC)12986465
|
| 035 |
|
|
|9 AAA6903AM
|
| 040 |
|
|
|a KUK
|c KUK
|d TXA
|d UtOrBLW
|
| 049 |
|
|
|a TXAM
|c [A12585445]
|
| 050 |
|
0 |
|a TN291
|b .A5 1985
|
| 110 |
2 |
|
|a American Society for Surface Mining and Reclamation.
|b Annual meeting
|n (2nd :
|d 1985 :
|c Denver, Colo.)
|
| 245 |
1 |
0 |
|a Bridging the gap between science, regulation, and the surface mining operation :
|b second annual meeting, American Society for Surface Mining and Reclamation, October 8-10, 1985, Clarion Hotel, Denver, Colorado) /
|c co-chairmen, Dean Williams and Scott E. Fisher, Jr.
|
| 264 |
|
1 |
|a [Place of publication not identified] :
|b [publisher not identified],
|c 1985.
|
| 300 |
|
|
|a 412 pages :
|b illustrations ;
|c 30 cm.
|
| 336 |
|
|
|a text
|b txt
|2 rdacontent
|
| 337 |
|
|
|a unmediated
|b n
|2 rdamedia
|
| 338 |
|
|
|a volume
|b nc
|2 rdacarrier
|
| 504 |
|
|
|a Includes bibliographies.
|
| 650 |
|
0 |
|a Strip mining
|x Congresses.
|
| 650 |
|
0 |
|a Reclamation of land
|v Congresses.
|
| 650 |
|
0 |
|a Hydrology
|v Congresses.
|
| 999 |
|
|
|a MARS
|
| 999 |
f |
f |
|s 81fad1fd-e260-3c51-8a07-6c1422378f09
|i 3cdf9d56-c05b-358e-b2a7-87597a851462
|t 0
|
| 952 |
f |
f |
|p ric
|a Texas A&M University
|b Rellis Campus
|c Joint Library Facility
|d Remote Storage
|t 0
|e TN291 .A5 1985
|h Library of Congress classification
|i unmediated -- volume
|m A14812585445
|
| 998 |
f |
f |
|a TN291 .A5 1985
|t 0
|l Remote Storage
|